| 000 | 00565nam a22002177a 4500 | ||
|---|---|---|---|
| 001 | sjds | ||
| 003 | sjds | ||
| 005 | 20231021203619.0 | ||
| 008 | 231021b |||||||| |||| 00| 0 spa d | ||
| 020 | _a9788447800445 | ||
| 020 | _a844780044X | ||
| 040 | _csjds | ||
| 041 | _aspa | ||
| 100 | 1 | 0 | _aBlake, Quentin. |
| 245 | 1 | 3 |
_aEl violin de Patrick / _cQuentin Blake |
| 246 | _aEl violin de Patrick | ||
| 260 |
_aBarcelona : _b El Arca de Junior, _cc1993. |
||
| 300 |
_a 1 volume (unpaged) : _bcolor illustrations ; _c27 cm |
||
| 440 | _aCiempies | ||
| 942 | _cBK | ||
| 999 |
_c28380 _d28380 |
||